| 000 | 00736nam a2200205 i 4500 | ||
|---|---|---|---|
| 001 | 56890 | ||
| 003 | ES-MaACL | ||
| 005 | 20250811070821.0 | ||
| 007 | t| | ||
| 008 | 031014s1959 sp ||||1| spa d | ||
| 110 | 1 |
_aEspaña. _bDirección General de Industria. _93742 |
|
| 245 | 1 | 0 |
_aRelación de certificados de productor nacional _b: (Años 1951-1955) / _cDirección General de Industria. |
| 260 |
_a[S.l. : _bs.n.], _c1959 ( _eMadrid : _fNuevas Gráficas) |
||
| 300 |
_a2 v. ; _c27 cm. |
||
| 500 | _aPrecede al tít.: Ministerio de Industria. | ||
| 500 | _aEs la 2ª parte y el apéndice. | ||
| 710 | 1 |
_aEspaña. _bMinisterio de Industria _93878 |
|
| 852 |
_aES-MaACL _jB-13839-40 _bR.46104 |
||
| 999 |
_c56890 _d56890 |
||